000 00778nam a22002177a 4500
999 _c19720
_d19720
003 AR-CdUCM
008 190521b ||||| |||| 00| 0 spa d
040 _aMUNICIPALIDAD PROVINCIAL DEL CUSCO
_cBIBLIOTECA MUNICIPAL DEL CUSCO
082 _a540.3 /
_bR79
100 _aRose, Elizabeth
_941246
245 _aDiccionario de química :
_bDe productos químicos /
260 _aBarcelona -.
_bOmega,
_c1959.
300 _a995 páginas ;
_c25 cm.
505 _aContenido :Abreviaturas -- Transporte de explosivos y demás artículos peligrosos -- Pesos atómicos internacionales -- Diccionario de química...
650 _aAbreviaturas
_913388
650 _aDiccionario
_95196
650 _aVocabulario
_97962
700 _aArthur
_941247
942 _2ddc
_cLIBROS
945 _arcc